Statistics for States Bigger Than Every State They Border

Click here to take the quiz!

General Stats

  • This quiz has been taken 28 times
  • The average score is 13 of 15

Answer Stats

Total Area M^2State% Correct
155,779California
100%
163,696California
100%
268,596Texas
100%
261,232Texas
100%
65,758Florida
93%
54,555New York
93%
47,126New York
93%
147,040Montana
85%
145,546Montana
85%
79,627Minnesota
81%
96,714Michigan
78%
56,539Michigan
78%
35,380Maine
74%
30,843Maine
74%
57,513Georgia
56%

Score Distribution

Percentile by Number Answered

Percent of People with Each Score

Your Score History

You have not taken this quiz